000 00513nam a2200217Ia 4500
003 OSt
005 20220924134141.0
006 a|||||r|||| 00| 0
007 ta
008 220923b |||||||| |||| 00| 0 snd d
024 _a272511
037 _cTextual
040 _aARTS
_cARTS
_bsnd
041 _2snd
_asnd
082 _aO1593,6NBAx, J9
100 _aBasant
245 0 _aVasant varkha
260 _c1959
942 _hO1593,6NBAx, J9
_cTEXL
_2CC
999 _c436550
_d436550